[Event "Pfalz-ch Seniors 86th"]
[Site "Wolfstein"]
[Date "2017.04.10"]
[Round "4"]
[White "Ortinau, Helmut"]
[Black "Diehl, Klaus"]
[Result "1/2-1/2"]
[WhiteElo "2173"]
[BlackElo "2060"]
[PlyCount "30"]
[EventDate "2017.04.07"]
[EventType "swiss"]
[EventRounds "7"]
[EventCountry "GER"]
[SourceTitle "EXT 2018"]
[Source "ChessBase"]
[SourceDate "2017.10.13"]
[SourceVersion "1"]
[SourceVersionDate "2017.10.13"]
[SourceQuality "1"]

1. c4 Nf6 2. Nf3 c6 3. d4 d5 4. cxd5 cxd5 5. Nc3 Nc6 6. Bf4 e6 7. e3 Bd6 8. Bxd6 Qxd6 9. Bd3 0-0 10. 0-0 Bd7 11. Rc1 Rac8 12. Qe2 a6 13. Rfd1 Rfd8 14. e4 dxe4 15. Nxe4 Nxe4 1/2-1/2

[Event "Rheinland Pfalz op Seniors 14th"]
[Site "Neustadt an der Weinstrasse"]
[Date "2016.07.16"]
[Round "1"]
[White "Diehl, Klaus"]
[Black "Lachat, Martin"]
[Result "1-0"]
[WhiteElo "2038"]
[BlackElo "1543"]
[PlyCount "67"]
[EventDate "2016.07.16"]
[EventType "swiss"]
[EventRounds "9"]
[EventCountry "GER"]
[SourceTitle "EXT 2019"]
[Source "ChessBase"]
[SourceDate "2018.10.10"]
[SourceVersion "1"]
[SourceVersionDate "2018.10.10"]
[SourceQuality "1"]

1. Nf3 f5 2. g3 Nf6 3. Bg2 g6 4. d3 Bg7 5. c4 0-0 6. 0-0 d6 7. Nc3 e5 8. c5 c6 9. cxd6 Qxd6 10. Nd2 Be6 11. Nc4 Qc7 12. a4 Nbd7 13. Qc2 Rfe8 14. Bd2 Rad8 15. Rac1 Bf7 16. b3 a6 17. Rfd1 b5 18. Ne3 f4 19. Ncd5 Qd6 20. Nxf6+ Bxf6 21. Ng4 c5 22. Nh6+ Kg7 23. Nxf7 Kxf7 24. b4 Rc8 25. axb5 axb5 26. Qb3+ Kg7 27. bxc5 Rxc5 28. Bb4 fxg3 29. hxg3 Bg5 30. Rb1 Rf8 31. Bxc5 Qxc5 32. d4 exd4 33. Qxb5 Qxb5 34. Rxb5 1-0

[Event "Rheinland Pfalz op 5th"]
[Site "Worms"]
[Date "2013.05.30"]
[Round "2"]
[White "Diehl, Klaus"]
[Black "Vossen, Daniel"]
[Result "1-0"]
[WhiteElo "2082"]
[BlackElo "1866"]
[PlyCount "35"]
[EventDate "2013.05.30"]
[EventType "swiss"]
[EventRounds "7"]
[EventCountry "GER"]
[SourceTitle "EXT 2014"]
[Source "ChessBase"]
[SourceDate "2013.11.20"]
[SourceVersion "1"]
[SourceVersionDate "2013.11.20"]
[SourceQuality "1"]

1. Nf3 Nf6 2. c4 d5 3. cxd5 Nxd5 4. g3 Nc6 5. Bg2 e5 6. 0-0 Bc5 7. Nc3 Be6 8. d3 f6 9. Qb3 Qd7 10. Nxe5 Nxe5 11. Bxd5 Bh3 12. Qxb7 Rd8 13. Bg2 Bb6 14. Bf4 h5 15. Bxe5 Bxg2 16. Kxg2 fxe5 17. Qe4 Qe6 18. f4 1-0

[Event "Wch Seniors 20th"]
[Site "Arco"]
[Date "2010.11.04"]
[Round "9"]
[White "Diehl, Klaus"]
[Black "Degtiarev, Viktor"]
[Result "1-0"]
[WhiteElo "2103"]
[BlackElo "1867"]
[PlyCount "71"]
[EventDate "2010.10.26"]
[EventType "swiss"]
[EventRounds "11"]
[EventCountry "ITA"]
[SourceTitle "EXT 2011"]
[Source "ChessBase"]
[SourceDate "2010.11.26"]
[SourceVersion "1"]
[SourceVersionDate "2010.11.26"]
[SourceQuality "1"]

1. Nf3 d5 2. c4 c6 3. g3 Nf6 4. Bg2 dxc4 5. Qc2 g6 6. Qxc4 Bg7 7. d3 0-0 8. 0-0 Nbd7 9. Qh4 Qa5 10. Nc3 Re8 11. Bd2 Qh5 12. Qa4 Nb6 13. Qh4 e5 14. Qxh5 Nxh5 15. Rac1 Nf6 16. Ng5 Bf5 17. b4 Re7 18. b5 h6 19. bxc6 hxg5 20. cxb7 Rb8 21. Bxg5 Ree8 22. a4 a5 23. Be3 Nbd7 24. Ba7 Rbd8 25. Nb5 Nb8 26. Bb6 Rd7 27. Bxa5 e4 28. dxe4 Bxe4 29. Bxe4 Nxe4 30. Rc8 Nf6 31. Bc7 Na6 32. Rc1 Kh7 33. Ra8 Rxc7 34. Nxc7 Rb8 35. Rb1 Nd7 36. Nxa6 1-0

[Event "GER-chT Seniors 15th"]
[Site "Bad Blankenburg"]
[Date "2006.09.05"]
[Round "3.2"]
[White "Walter, Guenter"]
[Black "Diehl, Klaus"]
[Result "1/2-1/2"]
[WhiteElo "2259"]
[BlackElo "2110"]
[PlyCount "62"]
[EventDate "2006.09.03"]
[EventType "team-swiss"]
[EventRounds "7"]
[EventCountry "GER"]
[SourceTitle "CBM 114 Extra"]
[Source "ChessBase"]
[SourceDate "2006.11.03"]
[SourceVersion "1"]
[SourceVersionDate "2006.11.03"]
[SourceQuality "1"]

1. d4 Nf6 2. c4 e6 3. Nc3 c5 4. d5 exd5 5. cxd5 d6 6. e4 g6 7. Bf4 Bg7 8. Bb5+ Kf8 9. Be2 a6 10. a4 Qe7 11. h3 Nbd7 12. Nf3 Ne8 13. 0-0 h6 14. Qd2 Kg8 15. Rae1 Kh7 16. Bd3 Ne5 17. Nxe5 dxe5 18. Be3 g5 19. Be2 b6 20. Bg4 Nd6 21. b3 Bxg4 22. hxg4 Rac8 23. f3 Rc7 24. Qe2 Ra8 25. Rb1 Qd7 26. Qf2 Bf8 27. Kh2 Rac8 28. Rfc1 Ne8 29. Qf1 Ra8 30. Ne2 Bd6 31. Ng3 Ng7 1/2-1/2

[Event "Berlin Lichtenberger op 5th"]
[Site "Berlin"]
[Date "2006.08.26"]
[Round "8"]
[White "Diehl, Klaus"]
[Black "Schatz, Dieter"]
[Result "1/2-1/2"]
[WhiteElo "2110"]
[BlackElo "2229"]
[PlyCount "105"]
[EventDate "2006.08.19"]
[EventType "swiss"]
[EventRounds "9"]
[EventCountry "GER"]
[SourceTitle "CBM 113 Extra"]
[Source "ChessBase"]
[SourceDate "2006.09.14"]
[SourceVersion "1"]
[SourceVersionDate "2006.09.14"]
[SourceQuality "1"]

1. Nf3 d5 2. d4 Nf6 3. Bf4 c5 4. c3 Nc6 5. e3 Qb6 6. Qb3 c4 7. Qxb6 axb6 8. Nbd2 b5 9. Be2 h6 10. 0-0 Bf5 11. Ne5 e6 12. Nxc6 bxc6 13. a3 Nd7 14. f3 g5 15. Bg3 Bg6 16. e4 f5 17. exf5 exf5 18. Rae1 Kf7 19. f4 g4 20. Bd1 h5 21. Bh4 Bd6 22. Bc2 Rhe8 23. g3 Bf8 24. Rxe8 Rxe8 25. Kf2 c5 26. a4 cxd4 27. Re1 Rxe1 28. Kxe1 d3 29. Bd1 b4 30. a5 bxc3 31. bxc3 Nb8 32. Ba4 Ke6 33. Bd8 Bc5 34. Bb5 Kd6 35. Bf6 Nc6 36. a6 Bf7 37. Nf1 Be6 38. Kd2 Na7 39. Be8 Bc8 40. Ne3 Bxa6 41. Nxf5+ Ke6 42. Bd4 Bxd4 43. Nxd4+ Kf6 44. Bxh5 Bc8 45. Be8 Be6 46. Bh5 Bc8 47. h3 gxh3 48. Bf3 Bd7 49. Bxd5 Nb5 50. Bb7 h2 51. Bg2 Bg4 52. Nf3 Bxf3 53. Bxf3 1/2-1/2

[Event "Pfalz-ch 75th"]
[Site "Kaiserslautern"]
[Date "2006.04.09"]
[Round "4"]
[White "Dietzsch, Herbert"]
[Black "Diehl, Klaus"]
[Result "1/2-1/2"]
[WhiteElo "2180"]
[BlackElo "2110"]
[PlyCount "24"]
[EventDate "2006.04.07"]
[EventType "swiss"]
[EventRounds "7"]
[EventCountry "GER"]
[SourceTitle "EXT 2007"]
[Source "ChessBase"]
[SourceDate "2006.11.23"]
[SourceVersion "1"]
[SourceVersionDate "2006.11.23"]
[SourceQuality "1"]

1. e4 e5 2. Nf3 Nc6 3. Bb5 a6 4. Ba4 Nf6 5. 0-0 Nxe4 6. Re1 d5 7. d4 exd4 8. Nxd4 Bd6 9. Nxc6 Bxh2+ 10. Kxh2 Qh4+ 11. Kg1 Qxf2+ 12. Kh1 Qh4+ 1/2-1/2

[Event "Rheinland Pfalz Seniors op 24th"]
[Site "Kaiserslautern"]
[Date "2005.07.30"]
[Round "7"]
[White "Diehl, Klaus"]
[Black "Rahn, Oskar"]
[Result "1/2-1/2"]
[WhiteElo "2035"]
[BlackElo "2040"]
[PlyCount "92"]
[EventDate "2005.07.24"]
[EventType "swiss"]
[EventRounds "7"]
[EventCountry "GER"]
[SourceTitle "EXT 2007"]
[Source "ChessBase"]
[SourceDate "2006.11.23"]
[SourceVersion "1"]
[SourceVersionDate "2006.11.23"]
[SourceQuality "1"]

1. Nf3 d5 2. d4 Nf6 3. Bf4 e6 4. e3 a6 5. Nbd2 c5 6. c3 Nc6 7. Bd3 cxd4 8. cxd4 Bb4 9. 0-0 h6 10. Ne5 Bd7 11. Ndf3 0-0 12. Rc1 Qe7 13. a3 Bd6 14. Bb1 Rfc8 15. Re1 Na5 16. Rxc8+ Rxc8 17. Nxd7 Qxd7 18. Ne5 Qd8 19. Re2 Bf8 20. Rc2 b5 21. h3 Nc4 22. Qd3 Qa5 23. b4 Qd8 24. Ng4 Nxg4 25. Rxc4 Nf6 26. Rxc8 Qxc8 27. Be5 Qc4 28. Qc2 Qxc2 29. Bxc2 Nd7 30. Bc7 f5 31. f3 Kf7 32. e4 fxe4 33. fxe4 Nf6 34. Kf2 dxe4 35. Be5 Ke7 36. Bxf6+ gxf6 37. Bxe4 Kd7 38. Ke3 Kc7 39. Kd3 Kb6 40. g4 Bd6 41. Bg6 Bf4 42. h4 Bc1 43. Bf7 Bxa3 44. Kc3 a5 45. bxa5+ Kxa5 46. Bxe6 Kb6 1/2-1/2

[Event "EU-ch Seniors 05th"]
[Site "Bad Homburg"]
[Date "2005.??.??"]
[Round "6"]
[White "Rosino, Antonio"]
[Black "Diehl, Klaus"]
[Result "1/2-1/2"]
[WhiteElo "2285"]
[BlackElo "2112"]
[PlyCount "50"]
[EventDate "2005.06.25"]
[EventType "swiss"]
[EventRounds "9"]
[EventCountry "GER"]
[SourceTitle "EXT 2006"]
[Source "ChessBase"]
[SourceDate "2005.11.24"]
[SourceVersion "1"]
[SourceVersionDate "2005.11.24"]
[SourceQuality "1"]

1. e4 c5 2. Nf3 d6 3. c3 Nf6 4. Bd3 g6 5. 0-0 Bg7 6. Re1 0-0 7. Bc2 Nc6 8. d4 cxd4 9. cxd4 Bg4 10. Be3 Nd7 11. Nc3 Bxf3 12. gxf3 Rc8 13. Ne2 Qa5 14. Bb3 Qh5 15. Nf4 Qh4 16. Ne6 fxe6 17. Bxe6+ Kh8 18. Bxd7 Rcd8 19. Bxc6 bxc6 20. Kh1 c5 21. Rg1 cxd4 22. Bg5 Qh3 23. Bxe7 Rxf3 24. Qf1 Qxf1 25. Raxf1 Rd7 1/2-1/2